01018nam a22002537a 45000010005000000030006000050050017000110080041000280200018000690400029000870500015001160820011001311000026001422450068001682600033002363000040002694900023003095050007003325200330003395210018006695210018006876500027007057000032007329170FISKH20251126140936.0251126b cb ||||| |||| 00| 0 eng d a9781407104201 aFISKHbengcFISKHdFISKH aDT61 .D359 a932.01 aDeary, Terry eAuthor aAwful Egyptians /cby Terry Deary ; illustrated by Martin Brown aLondon :bScholastic ,c2006 a141 pages :billustrations ;c20 cm aHorrible histories aR  aDiscover all the foul facts about the Awful Egyptians with history's most horrible headlines. All the Awful Egyptians' most horrible facts ready for readers to uncover, including: Why the Egyptian people worshipped a dung beetle, Which pharaoh married her grandfather, and what the 'Shepherd of the Royal Backside' had to do!8 a770 bLexile 8 aR bRaz-Plus  aHistoryvAncient Egypt aBrown, Martin eIllustrator